000 00766nam a2200229Ia 4500
003 GCL
008 140319s9999 xx 000 0 ara d
020 _a5145235977
040 _aGCL /
_cGCL
082 0 4 _a809.3
_bف ن
100 1 _aرشيد بنحدو (مترجم)
245 1 0 _aالنص الروائى :
_bتقنيات ومناهج /
_cرشيد بنحدو (مترجم)
700 1 _aفاليط، برنار
250 _aالاولى
260 _aالقاهرة :
_bالمجلس الاعلى للثقافة ،
_c1999
300 _a163 ص ؛
_c20 سم
490 _aالمشروع القومى للترجمة
_v101
650 0 4 _aالادب
650 0 4 _aالادب - تاريخ ونقد
650 0 4 _aالقصص - تاريخ ونقد
942 _2ddc
_cBK
999 _c4798
_d4798